000
00273nam a22001217a 4500
020
_a
81-8023-38-4
082
_a
823
_b
BOO/A
100
_a
BOOK PARADISE
245
_a
ALICE IN WODERLAND
260
_a
DELHI
_b
BOOK PARADISE
650
_a
ENGLISH SHORT STORY
_z
DELHI
942
_c
BK
999
_c
4694
_d
4694